Rubber Board @ 75. 8. Rubberkrishimekhalayum puthiya sameepanangalum (Record no. 75249)

MARC details
000 -LEADER
fixed length control field 00277nam a22000977a 4500
100 ## - MAIN ENTRY--AUTHOR NAME
Personal name Mathew, T.V.
245 ## - TITLE STATEMENT
Title Rubber Board @ 75. 8. Rubberkrishimekhalayum puthiya sameepanangalum
260 ## - PUBLICATION, DISTRIBUTION, ETC. (IMPRINT)
Name of publisher Rubber, 693(February): 2024. 14-18.
700 ## - ADDED ENTRY--PERSONAL NAME
Personal name Rubber Board history
942 ## - ADDED ENTRY ELEMENTS (KOHA)
Koha item type Journals
Holdings
Withdrawn status Lost status Damaged status Not for loan Home library Current library Date acquired Koha item type
        RRII Library RRII Library 03/05/2024 Journals